| 000 | 03474nam a2200277 a 4500 | ||
|---|---|---|---|
| 003 | OSt | ||
| 005 | 20251111113105.0 | ||
| 007 | cr ||||||a|c|a | ||
| 008 | 230508s2019 mx a|||fom||| 001 0 spa d | ||
| 040 | _erda | ||
| 100 |
_9186927 _aHernández Cuevas, Nicolás |
||
| 245 | 1 | 0 |
_aEvaluación de la restauración ecológica con Caesalpinia platyloba, en Imala Sin. / _cpor Nicolás Hernández Cuevas; director de tesis Alejandro S. Sánchez Vélez. |
| 264 | 1 |
_aChapingo, México : _bEl autor, _c2019. |
|
| 300 |
_a1 recurso en línea (125 páginas): _bfiguras, cuadros. |
||
| 336 |
_2rdacontent _atexto _btxt |
||
| 337 |
_2rdamedia _acomputadora _bc |
||
| 338 |
_2rdacarrier _arecurso en línea _bcr |
||
| 502 |
_bIF _cDICIFO _d2019. _gLIC |
||
| 504 | _aIncluye referencias bibliográficas: páginas 100-109. | ||
| 520 | _aLa presente evaluación se realizó en el ejido Imala, dentro de la subcuenca Rio Tamazula, cuenca Rio Culiacán, perteneciente a la región hidrológica número 10 Sinaloa, ubicada en el municipio de Culiacán, Sinaloa, México. Las microcuencas que se encuentran dentro del área de estudio, son las siguientes; Imala, Los Brasiles, Cofradía Imala, El Capule, Quebrada de los Pochotes y Dos Hermanos. La superficie total del ejido Imala es de 5,556.64 ha y del conjunto de microcuencas delimitadas en el área de estudio es de 4,038.71 ha, con una precipitación media anual de 758.6 mm y una temperatura media anual de 25.4°C, con un clima cálido subhúmedo como dominante en la zona, se encuentra cuatro tipos de suelos los cuales son el regosol eútrico, vertisol crómico, fluvisol eútrico y el leptosol. El uso de suelo predominante es Bosque tropical caducifolio con una superficie de 4,056.98 ha y la principal actividad economía del área de estudio es la ganadera conjuntamente con el turismo. La población actual es de 434 habitantes en el ejido y cuenta con siete comunidades. La restauración ecológica en las parcelas con Caesalpinia playloba se estimó un 30.76% de índice sobrevivencia en las plantas y una proporción estimada de árboles muertos del 69.33%. De acuerdo al muestreo en total fueron 216 sitios a evaluar, con 2,168 árboles plantados (vivos y muertos), lo cual solo 665 árboles vivos se encontraron en los sitios muestreados. En el repoblamiento forestal en cercos el resultado obtenido de acuerdo a los 7 sitios muestreados fue de 91.86% de índice de sobrevivencia (113 árboles vivos) y 8.13% de mortandad (10 árboles muertos). El estado fitosanitario de las plantas vivas en el muestreo de parcelas restauradas se encuentra en un estado sano o en buena condición libre de plagas y enfermedades. En cuanto al estado nutricional 71 plantas vivas de 665 presentan un mal estado nutricional, marchitez, falta de nutrientes y estrés, las demás plantas se ubican en un estado nutricional vigorosa o regular. En el muestreo del repoblamiento forestal de cercos, las plantas vivas presentan un estado sano, libre de plagas y enfermedades, en cuanto al estado nutricional 21 plantas vivos de 123 presentan un déficit en nutrientes y el resto se ubica en una estado regular o vigoroso. | ||
| 650 | 4 |
_9186929 _aCaesalpinia platyloba _xAprovechamiento |
|
| 650 | 4 |
_9125157 _aRestauración ecológica |
|
| 700 | 1 |
_9107932 _aSánchez Vélez, Alejandro S. _edirector. |
|
| 856 |
_uhttp://10.13.5.2/tesis/tl/Hernandez_Cuevas_Nicolas.pdf _zDESCARGAR PDF |
||
| 942 |
_2Clasificación Universidad Autónoma Chapingo _cTD |
||
| 999 |
_c218699 _d218699 |
||